Central Library OPAC University of Rajshahi

প্রযুক্তির সংস্কৃতি / (Record no. 79408)

MARC details
000 -LEADER
fixed length control field 00939nam a2200253 a 4500
001 - CONTROL NUMBER
control field 79408
003 - CONTROL NUMBER IDENTIFIER
rucl marc code BD-RjUL
005 - DATE AND TIME OF LATEST TRANSACTION
control field 20220217105353.0
008 - FIXED-LENGTH DATA ELEMENTS--GENERAL INFORMATION
fixed length control field 220217s2019 bg ||||| |||| 00| 0 ben d
020 ## - INTERNATIONAL STANDARD BOOK NUMBER
International Standard Book Number 9847000003867
Terms of availability : Tk.225.00
035 ## - SYSTEM CONTROL NUMBER
System control number (BD-RjUL)79408
040 ## - CATALOGING SOURCE
Original cataloging agency BD-RjUL
Language of cataloging eng
Transcribing agency BD-RjUL
041 ## - LANGUAGE CODE
Language code of text/sound track or separate title ben
082 ## - DEWEY DECIMAL CLASSIFICATION NUMBER
Edition number 23
Classification number 306.46
Author mark and year NUP 2019
100 ## - MAIN ENTRY--PERSONAL NAME
Personal name নূরুজ্জামান, মোঃ
9 (RLIN) 1430
245 ## - TITLE STATEMENT
Title প্রযুক্তির সংস্কৃতি /
Statement of responsibility, etc. মোঃ নূরুজ্জামান
260 ## - PUBLICATION, DISTRIBUTION, ETC. (IMPRINT)
Place of publication, distribution, etc. ঢাকা :
Name of publisher, distributor, etc. জাতীয় সাহিত্য প্রকাশ,
Date of publication, distribution, etc. ২০১৯
300 ## - PHYSICAL DESCRIPTION
Pagination ১২৮ পৃ.;
Size ২২ সেমি.
650 ## - SUBJECT ADDED ENTRY--TOPICAL TERM
Topical term or geographic name as entry element প্রযুক্তি
9 (RLIN) 1274
Topical term or geographic name as entry element Technology
9 (RLIN) 1275
Topical term or geographic name as entry element প্রযুক্তি
General subdivision সামাজিক দিক
9 (RLIN) 1431
Topical term or geographic name as entry element Technology
General subdivision Social aspects
9 (RLIN) 1432
942 ## - ADDED ENTRY ELEMENTS (KOHA)
Source of classification or shelving scheme Dewey Decimal Classification
Koha item type Books
Holdings
Lost status Source of classification or shelving scheme Damaged status Not for loan Collection code Permanent Location Current Location Shelving location Date acquired Source of acquisition Cost, normal purchase price Total Checkouts Full call number Date last seen Copy number Koha item type
  Dewey Decimal Classification   Not For Loan Non-fiction Central Library, University of Rajshahi Central Library, University of Rajshahi Reading Room 25/01/2022 Jatiya Sahitya Prakash, Dhaka 158.00   B 306.46 NUP 2019 17/02/2022 C-1 Books
  Dewey Decimal Classification     Non-fiction Central Library, University of Rajshahi Central Library, University of Rajshahi General Stacks 25/01/2022 Jatiya Sahitya Prakash, Dhaka 158.00   B 306.46 NUP 2019 17/02/2022 C-2 Books